书目信息 |
| 题名: |
低压成套开关设备和控制设备 第二部分:对母线干线系统的特殊要求
|
|
| 作者: | 国家技术监督局 发布 | |
| 分册: | ||
| 出版信息: | 北京 中国标准出版社 1998 |
|
| 页数: | 6页 | |
| 开本: | 16开 | |
| 丛书名: | ||
| 单 册: | ||
| 中图分类: | TM52-65 | |
| 科图分类: | ||
| 主题词: | 低压电器 | |
| 电子资源: | ||
| ISBN: | ||
| 000 | 00687nam0 2200193 45 | |
| 001 | 0009292257 | |
| 005 | 20120324111501.53 | |
| 010 | @d8.00元 | |
| 100 | @a20000929d1998 km y0chiy0120 ea | |
| 101 | 0 | @achi |
| 105 | @a z 000yy | |
| 200 | 1 | @a低压成套开关设备和控制设备 第二部分:对母线干线系统的特殊要求@ADi Ya Cheng Tao Kai Guan She Bei He Kong Zhi She BeiDi Er Bu Fen:Dui Mu Xian Gan Xian Xi Tong De Te ShuYao Qiu@f国家技术监督局发布@FGuo Jia Ji Shu Jian Du Ju Fa Bu |
| 210 | @a北京@c中国标准出版社@d1998 | |
| 215 | @a6页@d16开 | |
| 606 | 0 | @a低压电器 |
| 690 | @aTM52-65@v3 | |
| 701 | 0 | @a国家技术监督局@4发布 |
| 801 | @aCN@bPftUser@c20000929 | |
| 905 | @b162669@dTM52-65@eG:347@f1 | |
| 低压成套开关设备和控制设备 第二部分:对母线干线系统的特殊要求/国家技术监督局发布.-北京:中国标准出版社,1998 |
| 6页;16开 |
| ISBN :8.00元 |
| ● |
| 相关链接 |
|
|
|
正题名:低压成套开关设备和控制设备 第二部分:对母
索取号:TM52-65/G:347
 
预约/预借
| 序号 | 登录号 | 条形码 | 馆藏地/架位号 | 状态 | 备注 |
| 1 | 162669 | 201626696 | 自科二线504/504自科库 10排1列3层/ [索取号:TM52-65/G:347] | 在馆 |